Quizzes
Events
Quiz Creation
Community
Videos
Private Events
Remove Ads
Sign In
Join for FREE
Feedback
Dark Mode
Quiz Categories
Sports
Geography
Music
Movies
Television
Just For Fun
Miscellaneous
History
Literature
Language
Science
Gaming
Entertainment
Religion
Holiday
For Kids
Quiz Lab
Recent
Popular Today
Quiz Kudos Today
Editor Picks
Curator Picks
Quizzes by...
Day
Popularity
Type
Ratings
Length
Year
Community
Subscriptions
Recent Discussions
Orange Saloon
Badges
Playlists
Quests
Create
Leaderboards
Showdown
Live 5
Trivia Bingo
Activity
Puzzle Library
Sporcle Events
Private Events
Virtual Trivia
Globe League
Become a Host
Pub Owners
SporcleCon
Opinionation
Our Games
Videos
Blog
Mobile Apps
Partnerships
Remove Ads and Go Orange
Feedback
Sports
Athletes
MLB
NBA
NHL
NFL
Soccer
Sports Teams
WWE
NCAA
Football
Premier League
Basketball
Baseball
Hockey
Golf
Tennis
Cricket
Rugby
Auto Racing
Olympics
World Cup
Sports
Athletes
MLB
NBA
NHL
NFL
Soccer
Sports Teams
WWE
NCAA
Football
Premier League
Basketball
Baseball
Hockey
Golf
Tennis
Cricket
Rugby
Auto Racing
Olympics
World Cup
Random Quiz
Search Sporcle
×
Quiz Lab
Quiz Lab
Sports
NFL
Type in answers that appear in a list
Type in answers that appear in a list
Classic
Best Score? Go Orange.
2023 NFL Tight Ends Stats
Can you name the 2023 NFL Tight Ends?
By
swartzsportstwin
15m
112 Questions
4,419 Plays
4,419 Plays
4,419 Plays
Comments
Comments
Give Quiz Kudos
Give Quiz Kudos
-
- Ratings
hide this ad
More Info
Replay
Link that replays current quiz
Next Quiz
Link to next quiz in quiz playlist
You Got
0%
They Got
Avg Score
40%
Avg Friend Score
Upgrade to see
Score Distribution
Jump to the score distribution portion of the page
Score
0/112
Timer
15:00
0
Plays Today
Team
Player
% Correct
Buffalo Bills
Dalton Kincaid
85.1%
New England Patriots
Hunter Henry
83.3%
San Francisco 49ers
George Kittle
82.4%
Kansas City Chiefs
Travis Kelce
78.9%
Baltimore Ravens
Mark Andrews
76.9%
Los Angeles Chargers
Gerald Everett
75.1%
Carolina Panthers
Stephen Sullivan]
70.5%
Jacksonville Jaguars
Evan Engram
68.9%
Chicago Bears
Cole Kmet
64.9%
Seattle Seahawks
Noah Fant
64.8%
New York Jets
Tyler Conklin
59.4%
Detroit Lions
Sam LaPorta
58.3%
Tennessee Titans
Trevon Wesco
57.9%
Cleveland Browns
David Njoku
56.1%
New Orleans Saints
Juwan Johnson
56%
Los Angeles Rams
Tyler Higbee (OUT)
54.7%
Houston Texans
Dalton Schultz (OUT)
53.6%
Las Vegas Raiders
Austin Hooper
52.6%
Atlanta Falcons
Jonnu Smith
52.1%
Pittsburgh Steelers
Pat Freiermuth
51.7%
Minnesota Vikings
T.J. Hockenson
51.7%
Dallas Cowboys
Jake Ferguson
51.3%
Tampa Bay Buccaneers
Payne Durham
50.4%
New England Patriots
Mike Gesicki
49.9%
Indianapolis Colts
Kylen Granson
49.9%
Tampa Bay Buccaneers
Cade Otton
49.5%
Las Vegas Raiders
Michael Mayer
49%
Baltimore Ravens
Isaiah Likely
48.4%
Atlanta Falcons
Kyle Pitts
47.5%
Philadelphia Eagles
Dallas Goedert (OUT)
45.4%
Indianapolis Colts
Mo Alie-Cox
44.2%
Washington Commanders
Cole Turner
42.2%
Carolina Panthers
Hayden Hurst (OUT)
41.4%
Cincinnati Bengals
Irv Smith, Jr.
41.3%
New Orleans Saints
Foster Moreau
40.4%
New Orleans Saints
Jimmy Graham
40%
Arizona Cardinals
Geoff Swaim
39.9%
New Orleans Saints
Taysom Hill
38.8%
Team
Player
% Correct
New York Jets
C.J. Uzomah
38.4%
Washington Commanders
Logan Thomas
38%
Tampa Bay Buccaneers
Ko Kieft
38%
Green Bay Packers
Tucker Kraft
37.9%
Cleveland Browns
Jordan Akins
37.5%
Cleveland Browns
Harrison Bryant
35.8%
Pittsburgh Steelers
Darnell Washington
35.6%
Houston Texans
Brevin Jordan
35.5%
New England Patriots
Pharoah Brown
35%
Kansas City Chiefs
Blake Bell
34.7%
Miami Dolphins
Julian Hill
33.9%
Miami Dolphins
Durham Smythe (OUT)
33.7%
San Francisco 49ers
Charlie Woerner
33.7%
Chicago Bears
Robert Tonyan
33.5%
Jacksonville Jaguars
Brenton Strange
32.8%
Kansas City Chiefs
Noah Gray
32.7%
Pittsburgh Steelers
Rodney Williams
32.6%
Minnesota Vikings
Josh Oliver
32.3%
Detroit Lions
Brock Wright
32.2%
Pittsburgh Steelers
Connor Heyward
31.7%
New York Giants
Daniel Bellinger
30.9%
Tennessee Titans
Josh Whyle (OUT)
30.7%
Tennessee Titans
Chigoziem Okonkwo
30.7%
Seattle Seahawks
Will Dissly
30.4%
Arizona Cardinals
Trey McBride
30.4%
Washington Commanders
John Bates
28.4%
Philadelphia Eagles
Albert Okwuegbunam
27.6%
New York Giants
Tyree Jackson
26.6%
San Francisco 49ers
Tyler Kroft
26.6%
Buffalo Bills
Quintin Morris
26.3%
Green Bay Packers
Josiah Deguara
26.1%
Baltimore Ravens
Josh Oliver
25.1%
Houston Texans
Eric Saubert
24.9%
Los Angeles Chargers
Donald Parham, Jr.
24.5%
Miami Dolphins
Tyler Kroft
24.4%
Denver Broncos
Adam Trautman
24.2%
Cincinnati Bengals
Tanner Hudson
24.1%
Chicago Bears
Marcedes Lewis
24.1%
Team
Player
% Correct
Green Bay Packers
Ben Sims
23.3%
Carolina Panthers
Tommy Tremble
23.1%
Jacksonville Jaguars
Luke Farrell
23%
Seattle Seahawks
Colby Parkinson
22.7%
Dallas Cowboys
Luke Schoonmaker
22.2%
Philadelphia Eagles
Grant Calcaterra (OUT)
22.3%
Philadelphia Eagles
Jack Stoll
21.7%
San Francisco 49ers
Ross Dwelley
21.5%
New York Jets
Jeremy Ruckert
21.2%
Denver Broncos
Chris Manhertz
19.8%
Indianapolis Colts
Andrew Ogletree (OUT)
19.6%
Cincinnati Bengals
Mitchell Wilcox
19.5%
Los Angeles Chargers
Nick Vannett
19.4%
Dallas Cowboys
Sean McKeon
19.4%
Los Angeles Rams
Davis Allen
19.4%
Cincinnati Bengals
Drew Sample
18.7%
Baltimore Ravens
Charlie Kolar
17.7%
New York Giants
Lawrence Cager
16.8%
Detroit Lions
James Mitchell
16.3%
Atlanta Falcons
John FitzPatrick
15.8%
Minnesota Vikings
Johnny Mundt
15.3%
Los Angeles Rams
Brycen Hopkins
15%
Atlanta Falcons
MyCole Pruitt
15%
Arizona Cardinals
Elijah Higgins
13.1%
Los Angeles Chargers
Stone Smartt
12.8%
Las Vegas Raiders
Jesper Horsted
12.5%
Tampa Bay Buccaneers
David Wells
12.5%
Indianapolis Colts
Will Mallory
11.3%
Carolina Panthers
Jordan Matthews
9.8%
Washington Commanders
Curtis Hodges
9.4%
Minnesota Vikings
Nick Muse
9.4%
San Francisco 49ers
Brayden Willis
9.4%
Denver Broncos
Nate Adkins
9%
Seattle Seahawks
Brady Russell
6.7%
Arizona Cardinals
Blake Whiteheart
5.2%
Tennessee Titans
Kevin Rader
3.4%
Quiz Playlist
Details
Report
Send in Message
Add To Playlist
More Info:
Players on IR are not included.
Classic:
Type in answers that appear in a list
Quiz Source
Last Updated: Dec 14, 2023
Quiz Scoreboard
CHALLENGE
Sign Up to Join the Scoreboard
Show All
Scores
Hide
Comments
May contain spoilers
Recently Published
Billboard Blitz: Fleetwood Mac
by CooCooCachoo
Music
15s
Presidents Visiting Landmarks
by Hejman
History
7m
An Introduction to Baseball
by treessimontrees
Sports
5m
More to Explore
Quiz From the Vault
Featured Blog Post
Where Did the Easter Bunny Come From?
hide this ad
You Might Also Like...
Tags
NFL Quiz
2010
end
Player
team
tight
Today's Top Quizzes in Sports
Browse Sports
hide this ad
Today's Top Quizzes in NFL
Browse NFL
Top Contributed Quizzes in Sports
1
Les meilleurs buteurs des matchs entre le PSG et l’OM
2
2022 World Cup Stars
3
FIFA Club World Cup Champions
4
Les entraîneurs de l'OM et du PSG au 21e siècle
5
Name the Premier League winners with different clubs
6
5-to-1: UK Sports Teams
7
La finale Lions - Afrique du Sud 2021
8
Criteria MLB: Left Handed Sluggers
9
AFC Teams Reveal (Wrong Answers Minefield)
10
England Test cricketers to play under Nasser Hussain
Explore More
Trending Topics
Crossword
Marvel
Anime
Kpop
NBA
Disney
Harry Potter
The Office
Puzzle
Pokémon
Song
Country
WWE
Soccer
NFL
hide this ad
More By:
swartzsportstwin
Quiz
Plays
Rating
Category
Featured
Created
2023 NFL Wide Receivers
19,197
2.87
Sports
Oct 23, 2010
2023 NFL Quarterbacks
13,220
3.10
Sports
Oct 23, 2010
2023 NFL Running Backs/Fullbacks
10,673
2.61
Sports
Oct 22, 2010
5 Consecutive Seasons of 7.0 WAR
10,229
4.69
Sports
Aug 9, 2015
2023 NFL Tight Ends
4,419
2.64
Sports
Oct 24, 2010
Go to Creator's Profile
Score Distribution
Quiz Creator Spotlight
swartzsportstwin
Follow
Send a Message
Quizzes Created
-
Created Quiz Play Count
-
More By This Creator
Popular Quizzes Today
1
Find the US States - No Outlines Minefield
2
Find the Countries of Europe - No Outlines Minefield
3
The Countries of the World
4
Find the US States
5
US States
6
Popular People in 1961
7
Risky Map Clicking: Biggest States A-Z
8
Movies - When Are They Set?
More Sports Quizzes
English Premier League winners with the name David
Quiz Lab
Trending Quizzes
Risky Map Clicking: Least Populous States A-Z
1-10 Letter G Words
1-10 Letter F Words
Risky Map Clicking: Next State Alphabetically
Risky Map Clicking: Biggest States A-Z
Recently Updated
Leaping Animals
pecheneg
Reality TV Shows (A-Z)
bhenderson79
Rickey Henderson's Hall of Fame Teammates
pecheneg
Champions League XIs: Arsenal
pecheneg
Quick Pick: Celebrities in WWE's Hall of Fame
aduchscher
A-Z Keypad Blitz II
pecheneg
Multiple Oscar Actors
pecheneg
Mystery Phrase Blitz: Oscar 'Best Actors'
pecheneg
F. Scott Fitzgerald Novels
LTH
Pick 3 Villains
ddd62291
Trending Topics
Disney
Harry Potter
NBA
Crossword
Kpop
Marvel
Anime
WWE
Pokémon
Country
The Office
Song
NFL
Puzzle
Soccer
Your Account Isn't Verified!
In order to create a playlist on Sporcle, you need to verify the email address you used during registration. Go to your
Sporcle Settings
to finish the process.
Report this User
Report this user for behavior that violates our
Community Guidelines
.
Details:
Send Report
Go to the Sporcle.com Mobile Site →
Comments